The one-shot library instruction survival guide / (Record no. 25596)
[ view plain ]
| 000 -LEADER | |
|---|---|
| fixed length control field | 01542cam a22002895a 4500 |
| 001 - CONTROL NUMBER | |
| control field | 19226878 |
| 005 - DATE AND TIME OF LATEST TRANSACTION | |
| control field | 20171115160238.0 |
| 008 - FIXED-LENGTH DATA ELEMENTS--GENERAL INFORMATION | |
| fixed length control field | 160812s2017 ilua frb 001 0 eng d |
| 020 ## - INTERNATIONAL STANDARD BOOK NUMBER | |
| International Standard Book Number | 9780838914861 |
| 040 ## - CATALOGING SOURCE | |
| Original cataloging agency | DLC |
| Language of cataloging | eng |
| Transcribing agency | DLC |
| Modifying agency | EG-ScBUE |
| 082 04 - DEWEY DECIMAL CLASSIFICATION NUMBER | |
| Edition number | 22 |
| Classification number | 025.5677 |
| Item number | BUC |
| 100 1# - MAIN ENTRY--PERSONAL NAME | |
| Personal name | Buchanan, Heidi E. |
| 245 14 - TITLE STATEMENT | |
| Title | The one-shot library instruction survival guide / |
| Statement of responsibility, etc | Heidi E. Buchanan, Beth McDonough. |
| 250 ## - EDITION STATEMENT | |
| Edition statement | 2nd ed. |
| 260 ## - PUBLICATION, DISTRIBUTION, ETC. (IMPRINT) | |
| Place of publication, distribution, etc | Chicago : |
| Name of publisher, distributor, etc | ALA Editions, an imprint of the American Library Association, |
| Date of publication, distribution, etc | 2017. |
| 300 ## - PHYSICAL DESCRIPTION | |
| Extent | vii, 154 p. : |
| Other physical details | ill. ; |
| Dimensions | 24 cm. |
| 504 ## - BIBLIOGRAPHY, ETC. NOTE | |
| Bibliography, etc | Includes bibliographical references and index. |
| 505 0# - FORMATTED CONTENTS NOTE | |
| Formatted contents note | They never told me this in library school -- The teaching faculty won't/don't : communicating and collaborating with instructors -- But, how will I cover everything? -- How do I get them to pay attention? : classroom strategies for one-shot instruction -- But my classroom is (online, in an auditorium, in a classroom with no computers) -- How will I know what worked? -- There's not enough of me to go around! : what to do when you become a victim of your own success. |
| 650 #7 - SUBJECT ADDED ENTRY--TOPICAL TERM | |
| Topical term or geographic name as entry element | Library orientation for college students. |
| Source of heading or term | BUEsh |
| 650 #7 - SUBJECT ADDED ENTRY--TOPICAL TERM | |
| Topical term or geographic name as entry element | Information literacy |
| General subdivision | Study and teaching (Higher) |
| Source of heading or term | BUEsh |
| 650 #7 - SUBJECT ADDED ENTRY--TOPICAL TERM | |
| Topical term or geographic name as entry element | Research |
| General subdivision | Methodology |
| -- | Study and teaching (Higher) |
| Source of heading or term | BUEsh |
| 9 (RLIN) | 41215 |
| 650 #7 - SUBJECT ADDED ENTRY--TOPICAL TERM | |
| Topical term or geographic name as entry element | Academic libraries |
| General subdivision | Relations with faculty and curriculum. |
| Source of heading or term | BUEsh |
| 653 ## - INDEX TERM--UNCONTROLLED | |
| Resource For college | Generalities |
| Arrived date list | November2017 |
| 655 ## - INDEX TERM--GENRE/FORM | |
| Form subdivision | Reading book |
| -- | 34232 |
| 700 1# - ADDED ENTRY--PERSONAL NAME | |
| Personal name | McDonough, Beth A., |
| 942 ## - ADDED ENTRY ELEMENTS (KOHA) | |
| Source of classification or shelving scheme | Dewey Decimal Classification |
| Withdrawn status | Item status | Source of classification or shelving scheme | Damaged status | Not for loan | Vendor | Home library | Current library | Shelving location | Date acquired | Source of acquisition | Cost, normal purchase price | Total Checkouts | Total Renewals | Full call number | Barcode | Checked out | Date last seen | Date last borrowed | Koha item type |
|---|---|---|---|---|---|---|---|---|---|---|---|---|---|---|---|---|---|---|---|
| Dewey Decimal Classification | Baccah | Central Library | Central Library | Lower Floor | 15/11/2017 | Purchase | 1120.00 | 2 | 21 | 025.5677 BUC | 000042503 | 19/05/2026 | 12/10/2020 | 12/10/2020 | Book - Borrowing |